[Event "Olimpiada de Khanty-Mansiysk 2010"]
[Site "Khanty-Mansiysk RUS"]
[Date "2010.09.23"]
[Round "3.1"]
[White "Kovacevic, Aleksandar"]
[Black "Ziska, Helgi Dam"]
[Result "1-0"]
[WhiteElo "2582"]
[BlackElo "2439"]
[PlyCount "85"]
[EventDate "2010.09.21"]
[EventType "team"]
[EventRounds "11"]
[EventCountry "RUS"]
[Source "lmi"]
[SourceDate "2010.09.21"]
[WhiteTeam "SRB"]
[BlackTeam "Islas Faroe"]
[BlackTeamCountry "FAI"]

1. e4 c5 2. Ne2 d6 3. g3 g6 4. Bg2 Bg7 5. c3 Nc6 6. d4 e5 7. dxc5 dxc5 8. Qxd8+
Kxd8 9. Be3 b6 10. Na3 Ba6 11. Bf1 Kc7 12. Nc1 Bxf1 13. Rxf1 Rd8 14. Ke2 h5 15.
Nb3 Nge7 16. Nb5+ Kb7 17. a4 Nc8 18. a5 Nd6 19. Nxd6+ Rxd6 20. Ra4 Bh6 21. Bxh6
Rxh6 22. axb6 axb6 23. Nd2 Rd7 24. Rfa1 Rh8 25. Nc4 Rb8 26. Ra6 Kc7 27. Ne3 Ne7
28. Ra7+ Rb7 29. Ra8 Rd8 30. Rxd8 Kxd8 31. Nc4 Nc6 32. Rd1+ Kc7 33. Rd5 Ne7 34.
Rd2 Nc6 35. Kd1 Rb8 36. Nd6 Rf8 37. Nb5+ Kb7 38. Rd7+ Ka6 39. Nc7+ Ka5 40. Ke2
Nb8 41. Rd6 Rc8 42. Nd5 b5 43. b4+ 1-0

[Event "Olimpiada de Khanty-Mansiysk 2010"]
[Site "Khanty-Mansiysk RUS"]
[Date "2010.09.23"]
[Round "3.2"]
[White "Rodgaard, John"]
[Black "Vuckovic, Bojan"]
[Result "0-1"]
[WhiteElo "2352"]
[BlackElo "2615"]
[PlyCount "72"]
[EventDate "2010.09.21"]
[EventType "team"]
[EventRounds "11"]
[EventCountry "RUS"]
[Source "lmi"]
[SourceDate "2010.09.21"]
[WhiteTeam "Islas Faroe"]
[BlackTeam "SRB"]
[WhiteTeamCountry "FAI"]

1. c4 Nf6 2. Nf3 c5 3. Nc3 e6 4. g3 b6 5. Bg2 Bb7 6. O-O a6 7. d4 cxd4 8. Qxd4
Nc6 9. Qf4 Ne7 10. Ng5 Ng6 11. Qd2 Bxg2 12. Kxg2 Rc8 13. b3 b5 14. Nce4 h6 15.
Nxf6+ Qxf6 16. Rd1 Rd8 17. Ne4 Qxa1 18. Bb2 Qxa2 19. h4 h5 20. c5 Qxb3 21. f3
f6 22. c6 d5 23. Nxf6+ gxf6 24. Bxf6 Rc8 25. Bxh8 Nxh8 26. Rc1 Nf7 27. Qd4 Qb4
28. Qb6 Qd6 29. Qxa6 Rc7 30. Qxb5 Ne5 31. Ra1 Qxc6 32. Ra8+ Kf7 33. Qb8 Ng6 34.
Qd8 Qc2 35. Qe8+ Kg7 36. Qxe6 Re7 0-1

[Event "Olimpiada de Khanty-Mansiysk 2010"]
[Site "Khanty-Mansiysk RUS"]
[Date "2010.09.23"]
[Round "3.4"]
[White "Andreasen, Joan Hendrik"]
[Black "Markus, Robert"]
[Result "0-1"]
[WhiteElo "2217"]
[BlackElo "2624"]
[PlyCount "50"]
[EventDate "2010.09.21"]
[EventType "team"]
[EventRounds "11"]
[EventCountry "RUS"]
[Source "lmi"]
[SourceDate "2010.09.21"]
[WhiteTeam "Islas Faroe"]
[BlackTeam "SRB"]
[WhiteTeamCountry "FAI"]

1. d4 Nf6 2. c4 g6 3. Nc3 Bg7 4. e4 d6 5. Nf3 O-O 6. h3 Na6 7. Bg5 Qe8 8. Be2
e5 9. d5 Nh5 10. g4 Nf4 11. Bxf4 exf4 12. Nd4 Qe5 13. Nf3 Qe7 14. Nd4 Nc5 15.
f3 Qh4+ 16. Kf1 f5 17. exf5 gxf5 18. gxf5 Rxf5 19. Ne4 Nxe4 20. fxe4 Rg5 21.
Bf3 Rg3 22. Ke2 Qf6 23. Nc2 Bxh3 24. Rh2 Qxb2 25. Rb1 Qc3 0-1

[Event "Olimpiada de Khanty-Mansiysk 2010"]
[Site "Khanty-Mansiysk RUS"]
[Date "2010.09.23"]
[Round "3.1"]
[White "Milos, Gilberto"]
[Black "Al Qudaimi, Basheer"]
[Result "1-0"]
[WhiteElo "2599"]
[BlackElo "2428"]
[PlyCount "61"]
[EventDate "2010.09.21"]
[EventType "team"]
[EventRounds "11"]
[EventCountry "RUS"]
[Source "lmi"]
[SourceDate "2010.09.21"]
[WhiteTeam "Brasil"]
[BlackTeam "Yemen"]
[WhiteTeamCountry "BRA"]
[BlackTeamCountry "YEM"]

1. e4 e5 2. Nf3 Nc6 3. Bb5 a6 4. Ba4 Nf6 5. d3 d6 6. c3 Be7 7. Nbd2 O-O 8. O-O
b5 9. Bc2 d5 10. Qe2 Re8 11. a4 Rb8 12. axb5 axb5 13. Bb3 Bf8 14. exd5 Nxd5 15.
Ne4 Nf4 16. Bxf4 exf4 17. Nfg5 Qxg5 18. Bxf7+ Kh8 19. Bxe8 Qh6 20. Bxc6 Qxc6
21. Qf3 Qh6 22. Ra7 g5 23. Rxc7 g4 24. Qe2 Bf5 25. Re1 Re8 26. Qd2 Qe6 27. c4
b4 28. Rb7 g3 29. Qxf4 Bd6 30. Qh4 gxf2+ 31. Qxf2 1-0

[Event "Olimpiada de Khanty-Mansiysk 2010"]
[Site "Khanty-Mansiysk RUS"]
[Date "2010.09.23"]
[Round "3.2"]
[White "Abdul, Moula Sabri"]
[Black "Fier, Alexandr"]
[Result "0-1"]
[WhiteElo "2189"]
[BlackElo "2588"]
[PlyCount "92"]
[EventDate "2010.09.21"]
[EventType "team"]
[EventRounds "11"]
[EventCountry "RUS"]
[Source "lmi"]
[SourceDate "2010.09.21"]
[WhiteTeam "Yemen"]
[BlackTeam "Brasil"]
[WhiteTeamCountry "YEM"]
[BlackTeamCountry "BRA"]

1. d4 Nf6 2. c4 c5 3. d5 e6 4. Nc3 exd5 5. cxd5 d6 6. e4 g6 7. Bg5 Bg7 8. Nf3
O-O 9. Qc2 a6 10. a4 Qa5 11. Bd2 Bg4 12. Be2 Re8 13. O-O Qc7 14. Rfe1 Nbd7 15.
Rac1 Rac8 16. h3 Bxf3 17. Bxf3 c4 18. b3 Qb8 19. bxc4 Rxc4 20. Qb3 Rc7 21. Rb1
Nc5 22. Qa3 Rce7 23. Bf4 Nfd7 24. Ne2 Ne5 25. Bxe5 Rxe5 26. Ng3 f5 27. Red1
fxe4 28. Be2 Bh6 29. Nf1 e3 30. f3 Qd8 31. Rb4 Rf8 32. Nh2 Bf4 33. Ng4 Ree8 34.
Qc3 h5 35. Nh2 Qh4 36. Qe1 Qf2+ 37. Kh1 Re5 38. Nf1 Kh7 39. g3 Bh6 40. f4 Re7
41. Qxf2 exf2 42. Bf3 h4 43. Kg2 hxg3 44. Kxg3 Ref7 45. Kxf2 Bxf4 46. Kg2 Be5
0-1

[Event "Olimpiada de Khanty-Mansiysk 2010"]
[Site "Khanty-Mansiysk RUS"]
[Date "2010.09.23"]
[Round "3.3"]
[White "Mekhitarian, Krikor Sevag"]
[Black "Al-Zendani, Zendan"]
[Result "1/2-1/2"]
[WhiteElo "2550"]
[BlackElo "2400"]
[PlyCount "81"]
[EventDate "2010.09.21"]
[EventType "team"]
[EventRounds "11"]
[EventCountry "RUS"]
[Source "lmi"]
[SourceDate "2010.09.21"]
[WhiteTeam "Brasil"]
[BlackTeam "Yemen"]
[WhiteTeamCountry "BRA"]
[BlackTeamCountry "YEM"]

1. c4 Nf6 2. Nc3 e5 3. Nf3 Nc6 4. g3 Bb4 5. Bg2 O-O 6. O-O Re8 7. Nd5 Bd6 8. d3
Nxd5 9. cxd5 Nd4 10. Nd2 c6 11. b3 cxd5 12. Bxd5 Qa5 13. Bg2 Qa6 14. Bb2 Ba3
15. Bxa3 Qxa3 16. e3 Nc6 17. Nc4 Qe7 18. d4 d6 19. dxe5 dxe5 20. Qd6 Be6 21.
Rac1 Bxc4 22. Qxe7 Rxe7 23. Rxc4 Nd8 24. Rc5 Rb8 25. Rfc1 Kf8 26. Bd5 Rd7 27.
Be4 Re7 28. g4 g6 29. g5 b6 30. Rd5 Ne6 31. h4 Nc5 32. Bc2 a5 33. Rcd1 Kg7 34.
a3 h6 35. gxh6+ Kxh6 36. Kg2 Kg7 37. R1d2 Rbb7 38. Rd8 Rbc7 39. R8d5 Rb7 40.
Rd8 Rbc7 41. R8d5 1/2-1/2

[Event "Olimpiada de Khanty-Mansiysk 2010"]
[Site "Khanty-Mansiysk RUS"]
[Date "2010.09.23"]
[Round "3.4"]
[White "Gameel, Mohamed"]
[Black "Diamant, Andre"]
[Result "0-1"]
[WhiteElo "2216"]
[BlackElo "2498"]
[PlyCount "112"]
[EventDate "2010.09.21"]
[EventType "team"]
[EventRounds "11"]
[EventCountry "RUS"]
[Source "lmi"]
[SourceDate "2010.09.21"]
[WhiteTeam "Yemen"]
[BlackTeam "Brasil"]
[WhiteTeamCountry "YEM"]
[BlackTeamCountry "BRA"]

1. d4 Nf6 2. Nf3 g6 3. g3 Bg7 4. Bg2 O-O 5. c4 d5 6. cxd5 Nxd5 7. O-O Nb6 8.
Nc3 Nc6 9. e3 Re8 10. Na4 Nxa4 11. Qxa4 e5 12. dxe5 Nxe5 13. Nxe5 Bxe5 14. Rd1
Qe7 15. Bd2 c6 16. Bc3 Bxc3 17. bxc3 Be6 18. Rd2 Red8 19. Rad1 Rxd2 20. Rxd2
Qc5 21. Qb4 Qxb4 22. cxb4 a5 23. b5 cxb5 24. Bxb7 Rb8 25. Bc6 a4 26. Kf1 a3 27.
Ke2 Bc4+ 28. Kf3 b4 29. Bd5 b3 30. axb3 a2 31. Bxf7+ Bxf7 32. Rxa2 Rxb3 33. Ra5
Rb2 34. g4 Kg7 35. h4 Rb4 36. Kg3 Kf6 37. f4 h5 38. gxh5 gxh5 39. Ra6+ Be6 40.
Kf3 Rb3 41. Kf2 Ke7 42. Ra7+ Kd8 43. Ra5 Bg4 44. Re5 Kd7 45. Kg3 Rb1 46. Kg2
Kd6 47. Re8 Kd5 48. Re5+ Kc4 49. f5 Kd3 50. f6 Rb6 51. f7 Rf6 52. Re7 Bf3+ 53.
Kg3 Bd5 54. Re5 Bxf7 55. Kg2 Bg6 56. Kg3 Ke2 0-1

[Event "Olimpiada de Khanty-Mansiysk 2010"]
[Site "Khanty-Mansiysk RUS"]
[Date "2010.09.23"]
[Round "3.2"]
[White "Mok, Tze-Meng"]
[Black "Sulskis, Sarunas"]
[Result "1/2-1/2"]
[WhiteElo "2416"]
[BlackElo "2544"]
[PlyCount "159"]
[EventDate "2010.09.21"]
[EventType "team"]
[EventRounds "11"]
[EventCountry "RUS"]
[Source "lmi"]
[SourceDate "2010.09.21"]
[WhiteTeam "Malasia"]
[BlackTeam "Lituania"]
[WhiteTeamCountry "MAS"]
[BlackTeamCountry "LTU"]

1. e4 e5 2. Nf3 d6 3. Bc4 Be6 4. d3 Nf6 5. Nc3 c5 6. Bg5 Be7 7. Bxf6 Bxf6 8.
Nd5 Nd7 9. h3 Nb6 10. Nxb6 Qxb6 11. b3 Qc6 12. a4 O-O 13. O-O d5 14. exd5 Bxd5
15. Bxd5 Qxd5 16. Qe2 g6 17. Qe4 Qxe4 18. dxe4 c4 19. Rfd1 Rfd8 20. Kf1 Rac8
21. Rxd8+ Rxd8 22. Ke2 Be7 23. Rd1 Rxd1 24. Kxd1 f6 25. Nd2 cxb3 26. cxb3 Kf7
27. Ke2 Ke6 28. Kd3 Bc5 29. f3 h5 30. Kc4 Be3 31. Nb1 Bd4 32. Na3 f5 33. Nb5
Bf2 34. Nc7+ Kd6 35. exf5 gxf5 36. Ne8+ Ke7 37. Ng7 h4 38. Nxf5+ Ke6 39. Nh6
Be3 40. Ng4 Bb6 41. b4 Bg1 42. Kd3 Kf5 43. Ke2 a6 44. Nf2 b6 45. Kf1 Bh2 46.
Ne4 Bf4 47. Ke2 Bh2 48. Kd3 Kf4 49. Ke2 Bg1 50. Nc3 Bd4 51. Nd5+ Kg3 52. Kf1 a5
53. bxa5 bxa5 54. Nf6 Kf4 55. Nd5+ Kg3 56. Ne7 Kf4 57. Ke2 Kg3 58. Nf5+ Kxg2
59. Nxh4+ Kxh3 60. Nf5 Bb6 61. Kd3 Kg2 62. Ke4 Kf2 63. Nh6 Ke2 64. Nf5 Bc7 65.
Ne7 Bd6 66. Nc6 Bc7 67. Na7 Kf2 68. Nb5 Bb8 69. Na3 Ke2 70. Nc4 Bc7 71. Nb2 Bb8
72. Nd3 Bd6 73. Nc1+ Kf2 74. Nb3 Bb4 75. Na1 Ke2 76. Nc2 Kd2 77. Ne3 Kc3 78.
Kxe5 Kb3 79. Kd5 Kxa4 80. Nc4 1/2-1/2

[Event "Olimpiada de Khanty-Mansiysk 2010"]
[Site "Khanty-Mansiysk RUS"]
[Date "2010.09.23"]
[Round "3.3"]
[White "Malisauskas, Vidmantas"]
[Black "Tan, Khai Boon"]
[Result "1-0"]
[WhiteElo "2510"]
[BlackElo "2160"]
[PlyCount "83"]
[EventDate "2010.09.21"]
[EventType "team"]
[EventRounds "11"]
[EventCountry "RUS"]
[Source "lmi"]
[SourceDate "2010.09.21"]
[WhiteTeam "Lituania"]
[BlackTeam "Malasia"]
[WhiteTeamCountry "LTU"]
[BlackTeamCountry "MAS"]

1. e4 e5 2. Nf3 Nc6 3. Bb5 a6 4. Bxc6 dxc6 5. O-O f6 6. d4 exd4 7. Nxd4 c5 8.
Ne2 Qxd1 9. Rxd1 Bd7 10. Nbc3 Bd6 11. Bf4 Bxf4 12. Nxf4 O-O-O 13. f3 Ne7 14.
Nh5 Rhg8 15. g4 Be8 16. Rxd8+ Kxd8 17. Rd1+ Kc8 18. Nf4 Bf7 19. Kf2 Rd8 20.
Rxd8+ Kxd8 21. a3 Kd7 22. h4 Kd6 23. Nd1 g5 24. hxg5 fxg5 25. Nh3 h6 26. Ne3
Ke5 27. Kg3 b5 28. c3 c4 29. Nf5 Ng8 30. Nxh6 Nxh6 31. Nxg5 Kf6 32. f4 Bg8 33.
Nf3 Ke7 34. f5 c5 35. Kf4 Nf7 36. g5 Nd8 37. g6 Nc6 38. e5 Bd5 39. Ng5 Kf8 40.
f6 Nd8 41. Kf5 Bb7 42. e6 1-0

[Event "Olimpiada de Khanty-Mansiysk 2010"]
[Site "Khanty-Mansiysk RUS"]
[Date "2010.09.23"]
[Round "3.4"]
[White "Long, Peter"]
[Black "Zagorskis, Darius"]
[Result "1/2-1/2"]
[WhiteElo "2302"]
[BlackElo "2497"]
[PlyCount "82"]
[EventDate "2010.09.21"]
[EventType "team"]
[EventRounds "11"]
[EventCountry "RUS"]
[Source "lmi"]
[SourceDate "2010.09.21"]
[WhiteTeam "Malasia"]
[BlackTeam "Lituania"]
[WhiteTeamCountry "MAS"]
[BlackTeamCountry "LTU"]

1. Nf3 Nf6 2. c4 e6 3. g3 d5 4. Bg2 c5 5. O-O Nc6 6. d4 dxc4 7. Qa4 Bd7 8. Qxc4
cxd4 9. Nxd4 Rc8 10. Nc3 Qa5 11. Nf3 Be7 12. Qb3 Qb4 13. Qxb4 Bxb4 14. Bd2 O-O
15. Rac1 Rfd8 16. Rfd1 Be8 17. Be1 Kf8 18. a3 Be7 19. Rxd8 Nxd8 20. Nd4 Nd7 21.
Na2 Rxc1 22. Nxc1 Nb6 23. Nd3 Nc4 24. Bc3 Bd7 25. Kf1 e5 26. Nb3 f6 27. Na5
Nxa5 28. Bxa5 b6 29. Bb4 Nc6 30. Bxe7+ Kxe7 31. Ke1 Kd6 32. Kd2 Ne7 33. Kc3
Nd5+ 34. Kd2 Bb5 35. Ne1 Nc7 36. Nd3 Ne6 37. Kc3 Nd4 38. e3 Ne6 39. Kd2 g5 40.
Nb4 Nc5 41. Na2 Bc4 1/2-1/2

[Event "Olimpiada de Khanty-Mansiysk 2010"]
[Site "Khanty-Mansiysk RUS"]
[Date "2010.09.23"]
[Round "3.1"]
[White "Georgiev, Vladimir"]
[Black "Munoz, Lisandro"]
[Result "1/2-1/2"]
[WhiteElo "2573"]
[BlackElo "2391"]
[PlyCount "193"]
[EventDate "2010.09.21"]
[EventType "team"]
[EventRounds "11"]
[EventCountry "RUS"]
[Source "lmi"]
[SourceDate "2010.09.21"]
[WhiteTeam "MKD"]
[BlackTeam "República Dominicana"]
[BlackTeamCountry "DOM"]

1. d4 Nf6 2. c4 c5 3. d5 e6 4. Nc3 exd5 5. cxd5 d6 6. h3 g6 7. Nf3 Bg7 8. e4
O-O 9. Bd3 a6 10. a4 Nbd7 11. O-O Nh5 12. Re1 Re8 13. Bf1 Ne5 14. g4 Nxf3+ 15.
Qxf3 Nf6 16. Bg5 h6 17. Bh4 g5 18. Bg3 Nh7 19. Rad1 Be5 20. Bxe5 Rxe5 21. Nb1
Bd7 22. b3 b5 23. Nd2 Nf6 24. axb5 axb5 25. Ra1 Rxa1 26. Rxa1 h5 27. Ra7 hxg4
28. hxg4 Bxg4 29. Qg3 Bd7 30. Nf3 Nxe4 31. Rxd7 Qxd7 32. Nxe5 Qf5 33. Nxf7 Nxg3
34. Nh6+ Kg7 35. Nxf5+ Nxf5 36. Bxb5 Kf6 37. Kg2 Ke5 38. Bc4 Ne7 39. Kg3 Nxd5
40. Kg4 Nf6+ 41. Kxg5 Ne4+ 42. Kg4 Nxf2+ 43. Kf3 d5 44. Ba6 Nh3 45. Ke3 Nf4 46.
Bb7 Ne6 47. Kd3 Nd4 48. Kc3 Ke4 49. Ba6 Nc6 50. Bb7 Nb4 51. Ba8 Ke5 52. Bb7 Kd6
53. Bc8 Nc6 54. Bh3 Ne5 55. Bg2 d4+ 56. Kc2 Kc7 57. Bd5 Kb6 58. Be6 Kb5 59. Bd5
Kb4 60. Be6 Ka5 61. Bd5 Kb5 62. Be6 Kb4 63. Bd5 Ka3 64. Be6 Nc6 65. Bc4 Nb4+
66. Kb1 Na2 67. Kc2 Nc3 68. Be6 Ne2 69. Bg8 Kb4 70. Bf7 Nf4 71. Bg8 Kb5 72. Bf7
Kc6 73. Bg8 Kd6 74. Bc4 Ke5 75. Kd2 Ke4 76. Ba6 Ke5 77. Bb7 Kd6 78. Ba6 Ng6 79.
Bb7 Ne5 80. Bg2 Kc7 81. Bd5 Kb6 82. Be6 Kb5 83. Kc2 Kb4 84. Bg8 Ng4 85. Bf7
Ne3+ 86. Kd3 Ng4 87. Kc2 Ka3 88. Bg8 Ne5 89. Be6 Nc6 90. Bc4 Na5 91. Bd5 Kb4
92. Bg8 Nxb3 93. Bxb3 d3+ 94. Kb2 c4 95. Bd1 c3+ 96. Kc1 Kc4 97. Bc2 1/2-1/2

[Event "Olimpiada de Khanty-Mansiysk 2010"]
[Site "Khanty-Mansiysk RUS"]
[Date "2010.09.23"]
[Round "3.3"]
[White "Mitkov, Nikola"]
[Black "Infante, Miguel"]
[Result "1-0"]
[WhiteElo "2531"]
[BlackElo "2276"]
[PlyCount "87"]
[EventDate "2010.09.21"]
[EventType "team"]
[EventRounds "11"]
[EventCountry "RUS"]
[Source "lmi"]
[SourceDate "2010.09.21"]
[WhiteTeam "MKD"]
[BlackTeam "República Dominicana"]
[BlackTeamCountry "DOM"]

1. d4 e6 2. c4 Nf6 3. Nc3 Bb4 4. a3 Bxc3+ 5. bxc3 c5 6. e3 Nc6 7. Bd3 O-O 8.
Ne2 b6 9. e4 Ne8 10. O-O Ba6 11. f4 f5 12. exf5 exf5 13. Ng3 g6 14. dxc5 bxc5
15. Be3 Qa5 16. Rb1 Ne7 17. Re1 Nf6 18. Bf2 Rae8 19. Nf1 Ng4 20. Bh4 Qxc3 21.
Be2 Nf6 22. Qa4 Bc8 23. Bf3 Ne4 24. Re3 Qd4 25. Rd1 Nc3 26. Rxd4 Nxa4 27. Rd6
Kf7 28. Re5 Nb6 29. Rf6+ Kg7 30. Rxb6 axb6 31. Bxe7 Rf7 32. Bxc5 Rxe5 33. Bd4
d6 34. fxe5 dxe5 35. Bxe5+ Kf8 36. Bd4 Be6 37. Ne3 Rd7 38. Bxb6 Rd3 39. a4 g5
40. a5 g4 41. a6 gxf3 42. a7 f2+ 43. Kf1 Bxc4 44. Nxc4 1-0

[Event "Olimpiada de Khanty-Mansiysk 2010"]
[Site "Khanty-Mansiysk RUS"]
[Date "2010.09.23"]
[Round "3.4"]
[White "Flaquer, Luis"]
[Black "Stanojoski, Zvonko"]
[Result "0-1"]
[WhiteElo "2274"]
[BlackElo "2485"]
[PlyCount "70"]
[EventDate "2010.09.21"]
[EventType "team"]
[EventRounds "11"]
[EventCountry "RUS"]
[Source "lmi"]
[SourceDate "2010.09.21"]
[WhiteTeam "República Dominicana"]
[BlackTeam "MKD"]
[WhiteTeamCountry "DOM"]

1. e4 c5 2. Nf3 a6 3. c3 e6 4. d4 d5 5. exd5 exd5 6. Be2 c4 7. O-O Bd6 8. Re1
Ne7 9. b3 cxb3 10. axb3 Nbc6 11. Bd3 O-O 12. Ng5 g6 13. h4 h5 14. Nd2 Bg4 15.
Qc2 Rc8 16. Qb2 Qd7 17. Ngf3 Nf5 18. c4 Rfe8 19. Ne5 Bxe5 20. dxe5 Nxh4 21.
cxd5 Qxd5 22. Ne4 Qxd3 23. Nf6+ Kh8 24. Nxe8 Be6 25. Nd6 Nd4 26. Be3 Ndf3+ 27.
Kh1 Nxe1 28. Rxe1 Rc2 29. Qa3 Qd5 30. Nxf7+ Bxf7 31. Qf8+ Kh7 32. f3 Qe6 33.
Bh6 Nf5 34. Bg5 Rc8 35. Qb4 Qxb3 0-1

[Event "Olimpiada de Khanty-Mansiysk 2010"]
[Site "Khanty-Mansiysk RUS"]
[Date "2010.09.23"]
[Round "3.1"]
[White "Ragger, Markus"]
[Black "Wiedenkeller, Michael"]
[Result "1/2-1/2"]
[WhiteElo "2628"]
[BlackElo "2431"]
[PlyCount "125"]
[EventDate "2010.09.21"]
[EventType "team"]
[EventRounds "11"]
[EventCountry "RUS"]
[Source "lmi"]
[SourceDate "2010.09.21"]
[WhiteTeam "Austria"]
[BlackTeam "Luxemburgo"]
[WhiteTeamCountry "AUT"]
[BlackTeamCountry "LUX"]

1. d4 Nf6 2. c4 e6 3. g3 d5 4. Nf3 dxc4 5. Bg2 Nc6 6. Qa4 Bb4+ 7. Bd2 Nd5 8.
Qb5 O-O 9. Qxc4 Nb6 10. Qd3 e5 11. Nxe5 Bxd2+ 12. Qxd2 Nxd4 13. Nc3 f6 14. Nd3
Nc4 15. Qd1 c6 16. O-O Bf5 17. b3 Ne5 18. Nxe5 fxe5 19. e3 Ne6 20. b4 Qxd1 21.
Rfxd1 Nc7 22. b5 Nxb5 23. Nxb5 cxb5 24. Rd5 Rae8 25. Rxb5 b6 26. Rd1 Re7 27.
Rd2 Rc8 28. f4 Rce8 29. Bc6 Rc8 30. Bf3 Rce8 31. Kf2 exf4 32. gxf4 Be4 33. Bxe4
Rxe4 34. Rd3 R8e7 35. Kf3 g6 36. h4 Kg7 37. Rbd5 Kf7 38. Rd6 Kg7 39. Rc6 Kf7
40. Rdc3 Kg7 41. R6c4 R4e6 42. e4 b5 43. Rd4 Rb7 44. e5 b4 45. Rcd3 Kf7 46. h5
a5 47. Rd8 a4 48. Rd1 Re8 49. R8d6 Re6 50. Rd8 Re8 51. R8d6 Re6 52. R6d2 b3 53.
axb3 axb3 54. hxg6+ hxg6 55. Rh2 Reb6 56. Rh7+ Kg8 57. Rh2 b2 58. Rb1 Rb4 59.
Kg4 Kg7 60. Rf2 Rf7 61. Rbxb2 Rfxf4+ 62. Rxf4 Rxb2 63. Re4 1/2-1/2

[Event "Olimpiada de Khanty-Mansiysk 2010"]
[Site "Khanty-Mansiysk RUS"]
[Date "2010.09.23"]
[Round "3.3"]
[White "Neubauer, Martin"]
[Black "Mossong, Hubert"]
[Result "1-0"]
[WhiteElo "2428"]
[BlackElo "2184"]
[PlyCount "95"]
[EventDate "2010.09.21"]
[EventType "team"]
[EventRounds "11"]
[EventCountry "RUS"]
[Source "lmi"]
[SourceDate "2010.09.21"]
[WhiteTeam "Austria"]
[BlackTeam "Luxemburgo"]
[WhiteTeamCountry "AUT"]
[BlackTeamCountry "LUX"]

1. d4 d6 2. Nf3 Bg4 3. c4 Nd7 4. Nc3 Ngf6 5. e4 e5 6. Be2 c6 7. O-O Be7 8. d5
O-O 9. Be3 Qc7 10. Rc1 Bh5 11. Nd2 Bxe2 12. Qxe2 Rfe8 13. b4 c5 14. a3 a6 15.
Rb1 Rab8 16. Rfc1 Rec8 17. Qd1 Ne8 18. Qa4 h6 19. Rb2 cxb4 20. axb4 Bg5 21.
Bxg5 hxg5 22. Qd1 Nef6 23. Qe2 g6 24. Qe3 g4 25. Ne2 b6 26. Ra1 a5 27. bxa5
bxa5 28. Rba2 Ra8 29. Nc3 Nc5 30. Nb5 Qd8 31. Ra3 Kg7 32. Nc3 Rcb8 33. Nb5 Ra6
34. Qe2 Rba8 35. h3 gxh3 36. Rxh3 Nh5 37. Rxh5 gxh5 38. Qxh5 a4 39. Ra3 Kf8 40.
Rf3 R8a7 41. Qh8+ Ke7 42. Rxf7+ Kxf7 43. Qxd8 a3 44. Nxa3 Rxa3 45. Qxd6 Nd3 46.
Nf3 R3a6 47. Nxe5+ Nxe5 48. Qxe5 1-0

[Event "Olimpiada de Khanty-Mansiysk 2010"]
[Site "Khanty-Mansiysk RUS"]
[Date "2010.09.23"]
[Round "3.1"]
[White "Al-Sayed, Mohammed"]
[Black "Haddouche, Mohamed"]
[Result "1/2-1/2"]
[WhiteElo "2495"]
[BlackElo "2425"]
[PlyCount "59"]
[EventDate "2010.09.21"]
[EventType "team"]
[EventRounds "11"]
[EventCountry "RUS"]
[Source "lmi"]
[SourceDate "2010.09.21"]
[WhiteTeam "Qatar"]
[BlackTeam "Argelia"]
[WhiteTeamCountry "QAT"]
[BlackTeamCountry "ALG"]

1. d4 d6 2. e4 e5 3. Nf3 Qe7 4. dxe5 dxe5 5. Bc4 Be6 6. Nxe5 Bxc4 7. Nxc4 Qxe4+
8. Ne3 Nc6 9. O-O Bd6 10. Nc3 Qg6 11. Qf3 O-O-O 12. Ne4 Nge7 13. Nxd6+ Rxd6 14.
b3 Nd4 15. Qh3+ Qe6 16. Qxe6+ Rxe6 17. Bb2 Nec6 18. Rfd1 Rd8 19. c3 Ne2+ 20.
Kf1 Nf4 21. Rxd8+ Nxd8 22. Rd1 g6 23. g3 Nh5 24. c4 f5 25. Nc2 Nc6 26. Nd4 Nxd4
27. Bxd4 Nf6 28. Re1 Ne4 29. Re2 a5 30. f3 1/2-1/2

[Event "Olimpiada de Khanty-Mansiysk 2010"]
[Site "Khanty-Mansiysk RUS"]
[Date "2010.09.23"]
[Round "3.3"]
[White "Nezad, Husein Aziz"]
[Black "Oussedik, Mahfoud"]
[Result "1-0"]
[WhiteElo "2394"]
[BlackElo "2222"]
[PlyCount "59"]
[EventDate "2010.09.21"]
[EventType "team"]
[EventRounds "11"]
[EventCountry "RUS"]
[Source "lmi"]
[SourceDate "2010.09.21"]
[WhiteTeam "Qatar"]
[BlackTeam "Argelia"]
[WhiteTeamCountry "QAT"]
[BlackTeamCountry "ALG"]

1. d4 g6 2. c4 c5 3. d5 d6 4. Nc3 Bg7 5. e4 Nf6 6. Bd3 Na6 7. Nge2 Nc7 8. h3 a6
9. a4 b6 10. O-O Bd7 11. Bg5 Rb8 12. f4 h6 13. Bh4 Nh7 14. Qd2 Qc8 15. Qe3 g5
16. Bg3 b5 17. axb5 axb5 18. e5 dxe5 19. fxe5 bxc4 20. Bxc4 Rxb2 21. d6 Ne6 22.
Nd5 exd6 23. exd6 Bc6 24. Nc7+ Kd8 25. Rxf7 Bd4 26. Nxd4 Rxg2+ 27. Kf1 cxd4 28.
Nxe6+ Qxe6 29. Qxe6 Re8 30. Ra8+ 1-0

[Event "Olimpiada de Khanty-Mansiysk 2010"]
[Site "Khanty-Mansiysk RUS"]
[Date "2010.09.23"]
[Round "3.4"]
[White "Khelfallah, Badreddine"]
[Black "Al-Tamimi, Hamad"]
[Result "1-0"]
[WhiteElo "2183"]
[BlackElo "2250"]
[PlyCount "73"]
[EventDate "2010.09.21"]
[EventType "team"]
[EventRounds "11"]
[EventCountry "RUS"]
[Source "lmi"]
[SourceDate "2010.09.21"]
[WhiteTeam "Argelia"]
[BlackTeam "Qatar"]
[WhiteTeamCountry "ALG"]
[BlackTeamCountry "QAT"]

1. e4 c6 2. d4 d5 3. exd5 cxd5 4. Bd3 Nc6 5. c3 Nf6 6. Bf4 Bg4 7. Qb3 Qc8 8.
Nd2 e6 9. Ngf3 Be7 10. O-O O-O 11. Ne5 Bh5 12. Rae1 a6 13. Qc2 b5 14. Nxc6 Qxc6
15. Be5 Bg6 16. Bxg6 hxg6 17. Qd1 Rfc8 18. Re3 a5 19. h4 b4 20. Rh3 bxc3 21.
bxc3 Qb6 22. Qf3 Qb2 23. Rd1 Qc2 24. Nf1 Ne4 25. Ne3 Qxc3 26. Qg4 Qb2 27. Rf1
Rc1 28. Nd1 Qb1 29. Rb3 Qxa2 30. Rb7 Bf6 31. h5 gxh5 32. Qxh5 Rf8 33. Bf4 Ra1
34. Be3 Qc4 35. g3 Bxd4 36. Kg2 Ra2 37. Rh1 1-0

[Event "Olimpiada de Khanty-Mansiysk 2010"]
[Site "Khanty-Mansiysk RUS"]
[Date "2010.09.23"]
[Round "3.2"]
[White "Mamedov, Rauf"]
[Black "Krylov, Sergey"]
[Result "1-0"]
[WhiteElo "2660"]
[BlackElo "2359"]
[PlyCount "53"]
[EventDate "2010.09.21"]
[EventType "team"]
[EventRounds "11"]
[EventCountry "RUS"]
[Source "lmi"]
[SourceDate "2010.09.21"]
[WhiteTeam "Azerbaiyán"]
[BlackTeam "IBC"]
[WhiteTeamCountry "AZE"]

1. e4 c5 2. Nf3 e6 3. Nc3 a6 4. g3 b5 5. Bg2 Bb7 6. d3 d6 7. O-O Be7 8. Re1 Nd7
9. d4 cxd4 10. Nxd4 Qc7 11. a4 b4 12. Na2 Ngf6 13. Nxb4 Nc5 14. Nbc6 Ncxe4 15.
Nxe7 Qxe7 16. f3 Nc5 17. b4 O-O-O 18. Qe2 Ncd7 19. Ba3 Nb8 20. b5 Qc7 21. bxa6
Bxa6 22. Nb5 Qb6+ 23. Kh1 Rd7 24. Reb1 Ne8 25. Qc4+ Qc6 26. Qd4 Kd8 27. Na7 1-0

[Event "Olimpiada de Khanty-Mansiysk 2010"]
[Site "Khanty-Mansiysk RUS"]
[Date "2010.09.23"]
[Round "3.3"]
[White "Mueller, Oliver"]
[Black "Guseinov, Gadir"]
[Result "0-1"]
[WhiteElo "2311"]
[BlackElo "2611"]
[PlyCount "60"]
[EventDate "2010.09.21"]
[EventType "team"]
[EventRounds "11"]
[EventCountry "RUS"]
[Source "lmi"]
[SourceDate "2010.09.21"]
[WhiteTeam "IBC"]
[BlackTeam "Azerbaiyán"]
[BlackTeamCountry "AZE"]

1. d4 g6 2. c4 Bg7 3. Nc3 d6 4. e4 Nf6 5. Nf3 O-O 6. Be2 Bg4 7. Be3 Nfd7 8. Qb3
Bxf3 9. Bxf3 Nc6 10. Rd1 e5 11. dxe5 dxe5 12. Ne2 Qe7 13. O-O Rfb8 14. g3 a5
15. a3 a4 16. Qc2 Rd8 17. Bg2 Nc5 18. Bxc5 Qxc5 19. Rxd8+ Rxd8 20. Qxa4 Rd2 21.
Nc1 Qa5 22. Qxa5 Nxa5 23. b3 Bf8 24. a4 Ba3 25. Bh3 b6 26. f4 Nc6 27. Kh1 exf4
28. gxf4 Nb4 29. Bg4 Bxc1 30. Rxc1 Nd3 0-1